Yihad (Record no. 19248)

MARC details
000 -LEADER
campo de control de longitud fija 00895nam a2200289 i 4500
001 - NÚMERO DE CONTROL
campo de control 19248
003 - IDENTIFICADOR DE NÚMERO DE CONTROL
campo de control ES-MaACL
005 - FECHA Y HORA DE LA ÚLTIMA TRANSACCIÓN
campo de control 20230906152040.0
007 - CAMPO FIJO DE DESCRIPCIÓN FÍSICA--INFORMACIÓN GENERAL
campo de control de longitud fija t|
008 - DATOS DE LONGITUD FIJA--INFORMACIÓN GENERAL
campo de control de longitud fija 020607s2002 sp ||||1| spa d
020 ## - NÚMERO INTERNACIONAL ESTÁNDAR DEL LIBRO
Número Internacional Estándar del Libro 84-8307-450-8
080 ## - NÚMERO DE LA CLASIFICACIÓN DECIMAL UNIVERSAL
Número de la Clasificación Decimal Universal 297:32(5-191.2)
080 ## - NÚMERO DE LA CLASIFICACIÓN DECIMAL UNIVERSAL
Número de la Clasificación Decimal Universal 297.17(5-191.2)
100 1# - ENTRADA PRINCIPAL--NOMBRE DE PERSONA
Nombre de persona Rashid, Ahmed.
9 (RLIN) 95486
245 10 - MENCIÓN DEL TÍTULO
Título Yihad
Resto del título : el auge del islamismo en Asia Central /
Mención de responsabilidad, etc. Ahmed Rashid ; traducción de Emilio Gómez Vega.
250 ## - MENCION DE EDICION
Mención de edición 1ª ed.
260 ## - PUBLICACIÓN, DISTRIBUCIÓN, ETC.
Lugar de publicación, distribución, etc. Barcelona :
Nombre del editor, distribuidor, etc. Península,
Fecha de publicación, distribución, etc. 2002.
300 ## - DESCRIPCIÓN FÍSICA
Extensión 313 p. :
Otras características físicas mapas ;
Dimensiones 23 cm.
490 1# - MENCIÓN DE SERIE
Mención de serie Atalaya ;
Designación de volumen o secuencia 90
650 14 - PUNTO DE ACCESO ADICIONAL DE MATERIA--TÉRMINO DE MATERIA
Término de materia o nombre geográfico como elemento de entrada Islamismo y política-
Subdivisión geográfica Asia Central.
9 (RLIN) 13918
650 #4 - PUNTO DE ACCESO ADICIONAL DE MATERIA--TÉRMINO DE MATERIA
Término de materia o nombre geográfico como elemento de entrada Integrismo musulmán-
Subdivisión cronológica Asia Central.
9 (RLIN) 13846
650 #4 - PUNTO DE ACCESO ADICIONAL DE MATERIA--TÉRMINO DE MATERIA
Término de materia o nombre geográfico como elemento de entrada Yihad.
9 (RLIN) 13264
700 1# - ENTRADA AGREGADA--NOMBRE PERSONAL
Nombre de persona Gómez Vega, Emilio.
9 (RLIN) 58185
830 0# - PUNTO DE ACCESO ADICIONAL DE SERIE-TÍTULO UNIFORME
Título uniforme Atalaya ;
Designación de volumen o secuencia 90
9 (RLIN) 180261
852 ## - LOCALIZACIÓN
Ubicación ES-MaACL
Número de control de estantería L-25682
Sublocalización o colección R.131373
Holdings
Estatus retirado Estado de pérdida Estado de daño No para préstamo Biblioteca de origen Biblioteca actual Ubicación en estantería Fecha de adquisición Fuente de adquisición Total de préstamos Signatura topográfica completa Código de barras Visto por última vez Precio de reemplazo Tipo de ítem Koha
        Biblioteca del Ateneo de Madrid Biblioteca del Ateneo de Madrid Depósito 2 17/01/2008     L-25682 1019695 23/02/2023 23/02/2023 Libro impreso